[Event "IECC P-4272"]
[Site "IECC email"]
[Date "2007.01.09"]
[Round "?"]
[White "Santonix, Maria"]
[Black "Mauro, Danilo"]
[Result "1-0"]
[WhiteElo "2065"]
[BlackElo "1498"]
[PlyCount "117"]
[EventDate "2007.??.??"]
[EventType "tourn (corr)"]
[EventRounds "1"]
[SourceTitle "Corr 2008"]
[Source "ChessBase"]
[SourceDate "2008.06.24"]
[SourceVersion "1"]
[SourceVersionDate "2008.06.24"]
[SourceQuality "1"]
[WhiteTeam "Latvia"]
[BlackTeam "Italy"]
[WhiteTeamCountry "LAT"]
[BlackTeamCountry "ITA"]

1. f4 d5 2. b3 c5 3. e3 Nf6 4. Nf3 e6 5. Be2 Be7 6. Bb2 0-0 7. 0-0 b6 8. Ne5 Bb7 9. Qe1 Nc6 10. Ba6 Qc7 11. Nxc6 Bxc6 12. Be5 Qd7 13. Qg3 d4 14. Bd3 g6 15. f5 exf5 16. Bxf5 Qd5 17. c4 dxc3 18. Nxc3 Qxd2 19. Rad1 Qxg2+ 20. Qxg2 Bxg2 21. Kxg2 gxf5 22. Rxf5 Ne8 23. Rd7 f6 24. Rxe7 fxe5 25. Rfxe5 Nf6 26. Rg5+ Kh8 27. Rf5 Kg8 28. e4 Rfe8 29. Rxe8+ Nxe8 30. Kf3 Nd6 31. Rd5 Nf7 32. Kf4 Rf8 33. Rf5 Nd8 34. Rxf8+ Kxf8 35. Ke5 Ke7 36. Nd5+ Kf8 37. Kf6 Ke8 38. h4 Kd7 39. Kg7 h5 40. Nf6+ Ke6 41. Nxh5 Ke5 42. Nf6 b5 43. h5 c4 44. Nd7+ Kd6 45. h6 c3 46. h7 Ne6+ 47. Kf6 c2 48. h8Q c1Q 49. e5+ Kxd7 50. Qh7+ Kc6 51. Kxe6 Qd2 52. Qg6 Kb7 53. Qf7+ Kb6 54. Ke7 Qxa2 55. Qe6+ Kc7 56. Qd6+ Kb7 57. Qd5+ Kb6 58. e6 Qc2 59. Kd8 1-0

[Event "IECC TH-S-0226"]
[Site "IECC email"]
[Date "2006.12.11"]
[Round "?"]
[White "Santonix, Maria"]
[Black "Endean, Andrew"]
[Result "1/2-1/2"]
[WhiteElo "2052"]
[BlackElo "1724"]
[PlyCount "74"]
[EventDate "2006.??.??"]
[EventType "match (corr)"]
[EventRounds "2"]
[SourceTitle "Corr 2008"]
[Source "ChessBase"]
[SourceDate "2008.06.24"]
[SourceVersion "1"]
[SourceVersionDate "2008.06.24"]
[SourceQuality "1"]

1. e4 e5 2. Nf3 Nf6 3. d3 Nc6 4. c3 d5 5. Nbd2 g6 6. Be2 Bg7 7. Qc2 0-0 8. Nf1 b6 9. Ng3 Bb7 10. 0-0 Rc8 11. b4 Re8 12. a4 a5 13. b5 Nb8 14. Rb1 Nbd7 15. Nd2 Nc5 16. c4 dxe4 17. dxe4 c6 18. Nb3 Nxb3 19. Rxb3 c5 20. Rd3 Qc7 21. Bf3 Rcd8 22. Rfd1 Rxd3 23. Qxd3 Bf8 24. Bb2 Be7 25. Qe3 Rd8 26. Rxd8+ Bxd8 27. Qc3 Nd7 28. Nf1 Bf6 29. Ne3 Bg7 30. Nd5 Qd6 31. Bd1 h6 32. Qg3 Nf8 33. Bg4 Ne6 34. Bxe6 Qxe6 35. h4 Kf8 36. h5 g5 37. Bc3 Qd6 1/2-1/2

[Event "IECC CL2-2006.12 email"]
[Site "IECC email"]
[Date "2006.11.24"]
[Round "?"]
[White "Blaine, Richard"]
[Black "Santonix, Maria"]
[Result "1-0"]
[WhiteElo "2116"]
[BlackElo "1971"]
[PlyCount "111"]
[EventDate "2006.??.??"]
[EventType "tourn (corr)"]
[EventRounds "4"]
[SourceTitle "Corr 2008"]
[Source "ChessBase"]
[SourceDate "2008.06.24"]
[SourceVersion "1"]
[SourceVersionDate "2008.06.24"]
[SourceQuality "1"]

1. c4 c6 2. e4 d5 3. exd5 cxd5 4. cxd5 Nf6 5. Nc3 Nxd5 6. Nf3 Nc6 7. d4 Bg4 8. Bc4 e6 9. 0-0 Bxf3 10. Qxf3 Nxd4 11. Qe4 Nb6 12. Bd3 Nc6 13. Rd1 Rc8 14. Be3 Nd7 15. Bc2 Qa5 16. Qf3 Nf6 17. Rac1 Qh5 18. Qxh5 Nxh5 19. Nb5 a6 20. Nd4 Nxd4 21. Bxd4 b5 22. Be4 Rxc1 23. Rxc1 Nf4 24. Kf1 f5 25. Bb7 Kf7 26. Bxa6 b4 27. Rc7+ Be7 28. Bc5 Nd5 29. Rb7 Re8 30. Bc4 Rc8 31. Bxe7 Rxc4 32. Bxb4+ Kf6 33. Bd2 e5 34. a3 Rd4 35. Ke2 Re4+ 36. Kd3 Ra4 37. Bb4 Nf4+ 38. Kc4 Nxg2 39. Kb5 Ra8 40. a4 Nf4 41. Bc5 Nd3 42. b4 f4 43. a5 Nxc5 44. bxc5 e4 45. a6 e3 46. fxe3 fxe3 47. Ka5 g5 48. Rb3 Re8 49. Rb1 e2 50. Re1 Re3 51. Kb6 Rb3+ 52. Kc7 Ra3 53. Rxe2 Rxa6 54. c6 g4 55. Rb2 h5 56. Kb7 1-0

[Event "IECC CL2-2006.12 email"]
[Site "IECC email"]
[Date "2006.11.24"]
[Round "?"]
[White "Louro, Eugenio Diogo"]
[Black "Santonix, Maria"]
[Result "1/2-1/2"]
[WhiteElo "2105"]
[BlackElo "2021"]
[PlyCount "57"]
[EventDate "2006.??.??"]
[EventType "tourn (corr)"]
[EventRounds "4"]
[SourceTitle "Corr 2008"]
[Source "ChessBase"]
[SourceDate "2008.06.24"]
[SourceVersion "1"]
[SourceVersionDate "2008.06.24"]
[SourceQuality "1"]

1. e4 c5 2. c3 d5 3. exd5 Qxd5 4. d4 Nf6 5. Nf3 Bg4 6. Nbd2 Nc6 7. dxc5 Qxc5 8. Qb3 0-0-0 9. Qa4 e5 10. Be2 Be7 11. 0-0 Kb8 12. Re1 a6 13. Nf1 Qb6 14. Nxe5 Nxe5 15. Bf4 Bd6 16. Bxe5 Bxe5 17. Bxg4 Bd4 18. cxd4 Rxd4 19. Qa3 Rxg4 20. Re7 Re8 21. Rxe8+ Nxe8 22. Ne3 Re4 23. Rd1 Rd4 24. Rxd4 Qxd4 25. Qf8 Qd7 26. Qh8 h6 27. Qf8 f6 28. h4 Ka7 29. Qc5+ 1/2-1/2